Statistics for Arrested Development Trivia Quiz

Click here to take the quiz!

General Stats

  • This quiz has been taken 9,028 times
    (6,008 since last reset)
  • The average score is 14 of 23

Answer Stats

Question Answer % Correct
What is Gob's profession?Illusionist
95%
Tobias is a never what?Nude
82%
What Vegas act does Tobias attempt to join?The Blue Man Group
81%
There's always money in the ______ _____Banana Stand
81%
What bites off Buster's hand?A Loose {Seal}
81%
Actor who played George MichaelMichael Cera
77%
Who is George Bluth's twin brother?Oscar
71%
In what California county do the Bluth's live?Orange County
69%
I've made a ____ _______Huge Mistake
69%
Who is Gob's son?Steve Holt
67%
What vehicle does Gob use for transportation?A Segway
66%
Actor who played MichaelJason Bateman
66%
Actor who played LindseyPortia de Rossi
61%
Actor who played GobWill Arnett
58%
What dangerously hot product does George
market on Mexican TV?
Cornballer
53%
Who is Tobias' acting coach?Carl Weathers
53%
Voice of the NarratorRon Howard
51%
Actor who plays TobiasDavid Cross
45%
Actor who played Lucille AusteroLiza Minnelli
41%
What group of law enforcement strippers
make frequent appearances?
Hot Cops
37%
Actor who played Barry ZuckerkornHenry Winkler
37%
What pharmaceutical did the F√ľnke family promote?{Team}ocil
29%
Where once there was a _____ now there is notYacht
15%

Score Distribution

Percentile by Number Answered

Percent of People with Each Score

Your Score History

You have not taken this quiz since the last reset